| 000 | 00782nac a22002171u 4500 | ||
|---|---|---|---|
| 020 | _a0070116938 | ||
| 082 | 0 | 0 |
_a621.381028 _bCOL |
| 090 |
_c6616 _d6616 |
||
| 100 | _aColclaser, Roy A. | ||
| 245 | 1 | 0 |
_aMaterials and devices for electrical engineers and physicists / _cRoy A. Colclaser and Sherra Diehl-Nagle. |
| 260 |
_aNew York : _bMcGraw-Hill,1985 _cc1985. |
||
| 300 |
_axiv, 284 p. : _bill. ; _c25 cm. |
||
| 440 | 0 | _aMcGraw-Hill series in electrical engineering. | |
| 500 | _adistributer: Al-Ahram | ||
| 504 | _aIncludes bibliographical references and index. | ||
| 511 | _acatalogued by: wessam | ||
| 650 | 0 |
_aElectronics _xMaterials. |
|
| 650 | 0 | _aSemiconductors. | |
| 700 | 2 | _aDiehl-Nagle, Sherra. | |
| 942 |
_cBB _k621.381028COL |
||
| 999 |
_c6616 _d6616 |
||